| 000 | 00625nam a2200241Ia 4500 | ||
|---|---|---|---|
| 003 | OSt | ||
| 005 | 20220928121945.0 | ||
| 006 | a|||||r|||| 00| 0 | ||
| 007 | ta | ||
| 008 | 220927b |||||||| |||| 00| 0 eng d | ||
| 024 | _a29741 | ||
| 037 | _cTextual | ||
| 040 |
_aSDCL _cSDCL _beng |
||
| 041 |
_2eng _aeng |
||
| 082 | _aL:4:56, N3 | ||
| 100 | _aVirella Gabriel Ed. | ||
| 245 | 0 | _aIntroduction to medical immunology. | |
| 250 | _a3 | ||
| 260 |
_aNew York _b Marcel Dekker _c1993 |
||
| 300 |
_axiii,595p. _ccm. |
||
| 942 |
_hL:4:56, N3 _cTEXL _2CC |
||
| 999 |
_c768692 _d768692 |
||